Devotional Commentary on the Shorter Oxford Bible. (Record no. 6003)

MARC details
000 -LEADER
fixed length control field 00617nam a2200241 a 4500
020 ## - INTERNATIONAL STANDARD BOOK NUMBER
ISBN
082 00 - DEWEY DECIMAL CLASSIFICATION NUMBER
Classification number 220.7
Author Cutter SHE
100 ## - MAIN ENTRY--AUTHOR NAME
Author name Shergold, William J
245 ## - TITLE STATEMENT
Title Devotional Commentary on the Shorter Oxford Bible.
260 ## - PUBLICATION, DISTRIBUTION, ETC. (IMPRINT)
Place of publication London
Name of publisher Independent Press Ltd
Year of publication 1954
300 ## - PHYSICAL DESCRIPTION
Number of Pages 254p
500 ## - GENERAL NOTE
General note includes index and biblioraphy
505 2# - FORMATTED CONTENTS NOTE
Formatted contents note Bibliography
650 ## - SUBJECT ADDED ENTRY--TOPICAL TERM
Topical Term Bible-Commentaries
942 ## - ADDED ENTRY ELEMENTS (KOHA)
Koha item type Books
700 1# -
-- Shergold, William J
Holdings
Collection code Home library Current library Shelving location Date acquired Cost, normal purchase price Full call number Accession Number Koha item type
Reference Henry Martyn Institute Library Henry Martyn Institute Library Reference 06/18/2007 100.00 220.7 SHE 06967 Books
                   Copyright © 2026 | Henry Martyn Institute | Hyderabad | TS-500052 | INDIA | Implemented by hmi.edu.in
Hit-Count:

Powered by Koha